Error control coding : (Record no. 992)
[ view plain ]
| 000 -LEADER | |
|---|---|
| fixed length control field | 00855nac a22002051u 4500 |
| 020 ## - INTERNATIONAL STANDARD BOOK NUMBER | |
| International Standard Book Number | 0130179736 (pbk.) |
| 082 ## - DEWEY DECIMAL CLASSIFICATION NUMBER | |
| Classification number | 005.72 |
| Item number | L7351 |
| 090 ## - LOCALLY ASSIGNED LC-TYPE CALL NUMBER (OCLC); LOCAL CALL NUMBER (OCLC) | |
| -- | 992 |
| -- | 992 |
| 100 ## - MAIN ENTRY--PERSONAL NAME | |
| Personal name | Lin, Shu, |
| 245 ## - TITLE STATEMENT | |
| Title | Error control coding : |
| Remainder of title | undamentals and applications / |
| Statement of responsibility, etc | Shu Lin, Daniel J. Costello. |
| 250 ## - EDITION STATEMENT | |
| Edition statement | 2nd ed. |
| 260 ## - PUBLICATION, DISTRIBUTION, ETC. (IMPRINT) | |
| Place of publication, distribution, etc | Upper Saddle River, NJ : |
| Name of publisher, distributor, etc | Pearson Education International, |
| Date of publication, distribution, etc | c2004. |
| 300 ## - PHYSICAL DESCRIPTION | |
| Extent | xii, 1260 p. : |
| Other physical details | ill. ; |
| Dimensions | 24 cm. |
| 500 ## - GENERAL NOTE | |
| General note | Previous ed: Englewood Cliffs, N.J. : Prentice-Hall, c1983. |
| 504 ## - BIBLIOGRAPHY, ETC. NOTE | |
| Bibliography, etc | Includes bibliographical references and index. |
| 650 ## - SUBJECT ADDED ENTRY--TOPICAL TERM | |
| Topical term or geographic name as entry element | Error-correcting codes (Information theory) |
| 700 ## - ADDED ENTRY--PERSONAL NAME | |
| Personal name | Costello, Daniel J., |
| Dates associated with a name | 1942- |
| 942 ## - ADDED ENTRY ELEMENTS (KOHA) | |
| Item type | Book - Borrowing |
| Call number prefix | 005.72L7351 |
| Withdrawn status | Item status | Damaged status | Not for loan | Home library | Current library | Shelving location | Date acquired | Source of acquisition | Total Checkouts | Total Renewals | Full call number | Barcode | Date last seen | Date last borrowed | Koha item type |
|---|---|---|---|---|---|---|---|---|---|---|---|---|---|---|---|
| Central Library | Central Library | Lower Floor | 06/08/2015 | Purchase | 2 | 6 | 005.72 LIN | 000003516 | 15/07/2025 | 11/10/2014 | Book - Borrowing |